[Event "Match"]
[Site "www.echecsemail.com"]
[Date "2016.01.10"]
[Round "1"]
[White "Castletyme"]
[Black "Whitekknight"]
[WhiteElo "1870"]
[BlackElo "1920"]
[Result "0-1"]
[Round "1"]
1.e4 e5
2.Ng1f3 d6
3.d3 Bc8g4
4.Bf1e2 Ng8f6
5.O-O Bf8e7
6.Nf3d2 Bg4xe2
7.Qd1xe2 Nb8c6
8.f4 exf4
9.Rf1xf4 Qd8d7
10.Nb1c3 O-O-O
11.Nc3d5 Nf6xd5
12.exd5 Nc6e5
13.c4 Be7f6
14.d4 Ne5g6
15.Rf4e4 Rh8e8
16.Re4xe8 Bf6xd4
17.Re8e3 Bd4xe3
18.Qe2xe3 Rd8e8
19.Qe3f2 Ng6e5
20.Qf2xa7 Kd8
21.Qa7xb7 Ke7
22.c5 dxc5
23.Nd2f3 Ne5c4
24.b3 Nc4b6
25.Nf3e5 Qd7c8
26.Ne5c6 Kf8
27.Qb7xc8 Re8xc8
 { time }
0-1

[Event "1/128 Finale"]
[Site "www.chess-mail.com"]
[Date "2016.01.10"]
[Round "1"]
[White "Passaroa25"]
[Black "Julian"]
[WhiteElo "1640"]
[BlackElo "1770"]
[Result "0-1"]
[Round "1"]
1.e4 c5
2.Ng1e2 d6
3.Ne2g3 Nb8c6
4.c3 e6
5.d3 g6
6.Nb1d2 Bf8g7
7.Nd2c4 Ng8e7
8.Nc4e3 O-O
9.Ng3e2 f5
10.f3 d5
11.Ne3c2 fxe4
12.Ne2f4 Ne7f5
13.Bc1d2 exd3
14.Nf4xd3 Qd8h4
15.Nd3f2 e5
16.g3 Nf5xg3
17.hxg3 Qh4xg3
18.Qd1e2 Bc8f5
19.O-O-O Ra8e8
20.Nc2e3 d4
21.Qe2c4 Bf5e6
22.Qc4e2 dxe3
23.Bd2xe3 Rf8xf3
24.Be3xc5 Be6g4
25.Nf2xg4 Qg3xg4
26.Bf1h3 Qg4f4
27.Rd1d2 e4
28.Kd1 Bg7h6
29.Rh1f1 Rf3xf1
30.Bh3xf1 Qf4xd2
31.Qe2xd2 Bh6xd2
32.Kxd2 b6
33.Bf1c4 Kg7
34.Bc5e3 Nc6e5
35.Bc4e2 Re8d8
36.Be3d4 Kf6
37.Ke3 Kf5
38.b4 Ne5c6
39.Be2b5 Nc6xd4
40.cxd4 Rd8d5
41.a4 h5
42.Bb5c6 Rd5d6
43.Bc6b7 a5
44.b5 h4
45.Bb7xe4 Kf6
46.d5 Ke5
47.Kf3 g5
48.Ke3 g4
49.Be4h1 h3
50.Kf2 Kf4
51.Ke2 g3
52.Kf1 g2
53.Bh1xg2 hxg2
54.Kxg2 Rd6xd5
55.Kf2 Rd5d4
56.Ke2 Ke4
57.Ke1 Kd3
58.Kd1 Rd4xa4
59.Kc1 Ra4b4
{ resign }
0-1

[Event "1/128 Finale"]
[Site "www.chess-mail.com"]
[Date "2016.01.10"]
[Round "1"]
[White "Elogic"]
[Black "Ledzepp"]
[WhiteElo "1669"]
[BlackElo "1439"]
[Result "1-0"]
[Round "1"]
1.e4 Ng8f6
2.e5 Nf6e4
3.d4 e6
4.Qd1g4 d5
5.f3 f5
6.Qg4f4 g5
7.Qf4e3 g4
8.fxe4 fxe4
9.Bc1d2 Nb8c6
10.Bf1b5 Bc8d7
11.Ng1e2 Rh8g8
12.Nb1c3 h5
13.a3 h4
14.O-O-O h3
15.gxh3 gxh3
16.Qe3xh3 Qd8e7
17.Nc3a4 O-O-O
18.Rh1g1 Nc6a5
19.Bb5xd7 Qe7xd7
20.Rg1xg8 Qd7f7
21.Rd1g1 Na5c4
22.Na4c5 Rd8e8
23.Nc5xe6 Re8xe6
24.Rg8xf8 Qf7xf8
25.Qh3xe6 Kb8
26.Rg1g8 { resign }
1-0

[Event "Fast Game"]
[Site "www.echecsemail.com"]
[Date "2016.01.10"]
[Round "1"]
[White "Maredocla"]
[Black "Leeds"]
[WhiteElo "1880"]
[BlackElo "1850"]
[Result "1/2-1/2"]
[Round "1"]
1.f4 b6
2.Ng1f3 Bc8b7
3.b3 Ng8f6
4.Bc1b2 g6
5.Bb2xf6 exf6
6.e3 Bf8g7
7.f5 O-O
8.Bf1d3 d5
9.O-O c5
10.Nb1a3 Nb8d7
11.c3 a6
12.Ra1c1 Qd8c7
13.Bd3b1 Nd7e5
14.d4 Ne5d7
15.h3 Rf8e8
16.Rf1e1 Re8e7
17.Rc1c2 Ra8e8
18.Rc2e2 Nd7f8
19.c4 dxc4
20.Na3xc4 b5
21.Nc4a3 Bb7xf3
22.gxf3 cxd4
23.e4 Qc7b6
24.Bb1d3 Nf8d7
{ draw }
1/2-1/2

[Event "Tourn. n8396"]
[Site "www.chess-mail.com"]
[Date "2016.01.11"]
[Round "1"]
[White "Rons"]
[Black "Numanoid"]
[WhiteElo "2580"]
[BlackElo "2540"]
[Result "1-0"]
[Round "1"]
1.e4 c5
2.Ng1f3 e6
3.d4 cxd4
4.Nf3xd4 Ng8f6
5.Nb1c3 Bf8b4
6.e5 Nf6d5
7.Qd1g4 Kf8
8.a3 h5
9.Qg4e2 Nd5xc3
10.Qe2c4 Bb4a5
11.b4 Nc3d5
12.bxa5 Qd8xa5
13.Bc1d2 Qa5c7
14.Qc4xc7 Nd5xc7
15.Bf1e2 Nb8a6
16.a4 b6
17.a5 f6
18.f4 Bc8b7
19.O-O Ke7
20.axb6 axb6
21.Ra1b1 b5
22.Nd4xb5 Nc7xb5
23.Rb1xb5 Bb7c6
24.Rb5a5 Na6c7
25.Bd2b4 Kf7
26.Ra5xa8 Rh8xa8
27.Be2xh5 g6
28.Bh5e2 Ra8a2
29.Be2d3 f5
30.Rf1c1 Nc7d5
31.Bb4d2 Bc6a4
32.Kf2 Ke7
33.Ke1 Ra2a3
34.g3 d6
35.Bd3e2 { resign }
1-0

[Event "Tourn. n8488"]
[Site "www.chess-mail.com"]
[Date "2016.01.11"]
[Round "1"]
[White "Cal"]
[Black "Avg"]
[WhiteElo "1339"]
[BlackElo "1499"]
[Result "0-1"]
[Round "1"]
1.Nb1c3 f5
2.d4 Ng8f6
3.h3 g6
4.Bc1f4 d6
5.a3 Bf8g7
6.Ng1f3 O-O
7.e3 Nb8c6
8.Bf1d3 e6
9.b4 Qd8e8
10.Nc3e2 e5
11.dxe5 dxe5
12.Bf4g5 e4
13.Bd3c4 Bc8e6
14.Nf3h4 Be6xc4
15.O-O h6
16.Bg5xf6 Bg7xf6
17.g3 Bf6xa1
18.Qd1xa1 Bc4xe2
19.Rf1e1 Be2c4
20.Qa1c3 b5
21.f3 g5
22.Nh4g2 exf3
23.Kf2 fxg2
24.Kxg2 Qe8e4
25.Kh2 Nc6e5
26.Qc3d2 Ne5f3
{ resign }
0-1

[Event "Tourn. n8493"]
[Site "www.chess-mail.com"]
[Date "2016.01.11"]
[Round "1"]
[White "Francesco"]
[Black "Luban"]
[WhiteElo "1930"]
[BlackElo "2030"]
[Result "0-1"]
[Round "1"]
1.e4 c5
2.c3 d5
3.exd5 Qd8xd5
4.d4 e6
5.Ng1f3 h6
6.Bf1e2 Ng8f6
7.O-O Bf8d6
8.dxc5 Bd6xc5
9.Qd1xd5 Nf6xd5
10.c4 Nd5b4
11.Be2d1 O-O
12.a3 Nb4d3
13.Bd1c2 Nd3xc1
14.Rf1xc1 Nb8c6
15.b4 Bc5d4
16.Nf3xd4 Nc6xd4
17.Nb1d2 Nd4e2
18.Kf1 Ne2xc1
19.Ra1xc1 a6
20.Bc2e4 Ra8b8
21.c5 Bc8d7
22.Nd2f3 Bd7b5
23.Ke1 f5
24.Be4b1 Bb5c6
25.Nf3e5 Rf8d8
26.Ne5g6 Kf7
27.Ng6e5 Kf6
28.f4 Bc6xg2
29.Rc1c2 Bg2e4
30.Rc2c1 Be4xb1
31.Rc1xb1 g5
32.c6 bxc6
33.Ne5xc6 gxf4
34.Nc6xb8 Rd8xb8
35.Kf2 a5
36.b5 Rb8b6
37.a4 e5
38.Rb1c1 Ke6
39.Ke2 Kd5
40.Rc1c8 e4
41.Rc8d8 Kc4
42.Rd8f8 f3
43.Ke3 Kb4
44.Rf8xf5 Rb6e6
45.h4 Kxa4
46.b6 Re6xb6
47.Kxe4 Rb6b4
48.Kxf3 Rb4xh4
{ resign }
0-1

[Event "Tourn. n8525"]
[Site "www.chess-mail.com"]
[Date "2016.01.11"]
[Round "1"]
[White "Genius7"]
[Black "Goosebumps"]
[WhiteElo "2100"]
[BlackElo "2180"]
[Result "1/2-1/2"]
[Round "1"]
1.c4 e5
2.Nb1c3 Nb8c6
3.Ng1f3 Ng8f6
4.d4 d6
5.d5 Nc6e7
6.e4 c6
7.Bf1e2 Nf6d7
8.O-O f5
9.dxc6 Ne7xc6
10.exf5 Nd7b6
11.Bc1g5 Bf8e7
12.Bg5xe7 Qd8xe7
13.Nc3b5 O-O
14.Qd1xd6 Qe7xd6
15.Nb5xd6 Bc8xf5
16.Nd6xf5 { draw }
1/2-1/2

[Event "Tourn. n8560"]
[Site "www.chess-mail.com"]
[Date "2016.01.11"]
[Round "1"]
[White "Bojan"]
[Black "Julian"]
[WhiteElo "2100"]
[BlackElo "1990"]
[Result "0-1"]
[Round "1"]
1.d4 Ng8f6
2.c4 e5
3.dxe5 Nf6g4
4.Qd1d4 d6
5.exd6 Bf8xd6
6.Bc1d2 O-O
7.Ng1f3 Nb8c6
8.Qd4d3 Nc6b4
9.Qd3b3 c5
10.Bd2g5 Qd8c7
11.Nb1c3 Bc8f5
12.e4 Bf5e6
13.h3 Ng4e5
14.Nf3xe5 Bd6xe5
15.a3 Nb4c6
16.Nc3d5 Qc7a5
17.Bg5d2 Nc6d4
18.Qb3d1 Qa5d8
19.f4 Be5b8
20.f5 Be6xd5
21.cxd5 Qd8h4
{ resign }
0-1

[Event "Tourn. n8483"]
[Site "www.chess-mail.com"]
[Date "2016.01.11"]
[Round "1"]
[White "Luban"]
[Black "Wwgia"]
[WhiteElo "2010"]
[BlackElo "2230"]
[Result "1-0"]
[Round "1"]
1.d4 Ng8f6
2.c4 c5
3.e3 e6
4.Ng1f3 d5
5.a3 cxd4
6.exd4 Nb8c6
7.Nb1c3 Bf8e7
8.h3 O-O
9.Bc1e3 b6
10.Bf1e2 Bc8b7
11.O-O Ra8c8
12.cxd5 exd5
13.Ra1c1 Rf8e8
14.Be2b5 a6
15.Bb5xc6 Bb7xc6
16.Nf3e5 Bc6b7
17.Qd1b3 b5
18.Nc3e2 Be7d6
19.Ne5d3 Nf6e4
20.Rf1e1 Qd8f6
21.f3 Ne4g3
22.Ne2xg3 Bd6xg3
23.Re1e2 Rc8c4
24.Rc1c2 Re8xe3
25.Re2xe3 Qf6xd4
26.Rc2e2 h5
27.Kf1 g6
28.Re3e8 Kg7
29.Re8e3 Bb7c6
30.Qb3d1 Qd4f6
31.Nd3e5 d4
32.Ne5xc4 bxc4
33.Re3e7 d3
34.Re2e3 Qf6d4
35.Qd1d2 Bg3f4
36.Qd2c3 Qd4xc3
37.bxc3 Bf4xe3
38.Re7xe3 Bc6a4
39.Ke1 Kf6
40.Kd2 h4
41.Re3e4 g5
42.Re4xc4 { resign }
1-0

[Event "Tourn. n8482"]
[Site "www.chess-mail.com"]
[Date "2016.01.11"]
[Round "1"]
[White "Geretree"]
[Black "Luban"]
[WhiteElo "1950"]
[BlackElo "2010"]
[Result "0-1"]
[Round "1"]
1.e4 c5
2.Ng1f3 d6
3.Nb1c3 a6
4.d4 cxd4
5.Nf3xd4 Ng8f6
6.Bc1g5 e6
7.Nd4f3 Nb8c6
8.Bf1c4 Bf8e7
9.Bg5xf6 Be7xf6
10.Qd1d2 b5
11.Bc4d3 Bc8b7
12.O-O O-O
13.Rf1e1 Qd8c7
14.a3 Nc6a5
15.Ra1d1 Ra8c8
16.Nf3g5 Bf6xc3
17.bxc3 Qc7xc3
18.Qd2xc3 Rc8xc3
19.e5 h6
20.Ng5e4 Rc3xa3
21.exd6 Bb7xe4
22.Bd3xe4 Rf8d8
23.h3 Na5c4
24.d7 Nc4e5
25.Be4h7 Kxh7
26.Re1xe5 Ra3c3
27.Rd1d2 Rc3c7
28.Re5e1 Rd8xd7
29.Rd2xd7 Rc7xd7
30.Re1a1 Rd7d6
31.Kf1 Kg6
32.Ke2 Kf5
33.Ke3 Ke5
34.f4 Kd5
35.c3 Kc4
36.Ra1a3 Rd6d3
37.Ke2 Rd3xc3
38.Ra3xa6 b4
39.Kd2 Kb3
40.Ra6a1 Kb2
41.Ra1e1 b3
42.Re1e4 Rc3c2
43.Kd1 Rc2xg2
44.Re4b4 Kc3
45.Rb4b7 Rg2g1
46.Ke2 b2
47.Rb7c7 Kd4
48.Rc7d7 Ke4
{ resign }
0-1

[Event "Tourn. n8534"]
[Site "www.chess-mail.com"]
[Date "2016.01.11"]
[Round "1"]
[White "Goofy"]
[Black "Xkafi"]
[WhiteElo "2260"]
[BlackElo "2020"]
[Result "1-0"]
[Round "1"]
1.e4 e5
2.Ng1f3 Nb8c6
3.Bf1c4 Bf8c5
4.c3 d6
5.d4 Bc5b6
6.dxe5 dxe5
7.Qd1xd8 Nc6xd8
8.Nf3xe5 h6
9.Bc1f4 Ng8f6
10.Nb1d2 Nf6g4
11.Ne5d3 Nd8e6
12.Bf4g3 O-O
13.h3 Ng4f6
14.O-O-O Ne6c5
15.Nd3xc5 Bb6xc5
16.f3 Bc5e3
17.Bg3xc7 Bc8d7
18.Bc7e5 Ra8c8
19.Bc4b3 Rf8d8
20.Rh1e1 Be3f2
21.Re1e2 Bf2c5
22.Nd2c4 Bd7b5
23.Rd1xd8 Rc8xd8
24.Re2d2 Nf6d7
25.Be5d6 Bc5g1
26.Bd6e7 Rd8c8
27.Nc4d6 { resign }
1-0

[Event "Tourn. n8543"]
[Site "www.chess-mail.com"]
[Date "2016.01.11"]
[Round "1"]
[White "Mitja"]
[Black "Francesco"]
[WhiteElo "1910"]
[BlackElo "1990"]
[Result "0-1"]
[Round "1"]
1.d4 d5
2.e3 c6
3.h3 Bc8f5
4.Ng1f3 Ng8f6
5.Nb1d2 Nb8d7
6.Nd2b3 Qd8c7
7.Bf1d3 Bf5xd3
8.Qd1xd3 e5
9.dxe5 Nd7xe5
10.Nf3xe5 Qc7xe5
11.Nb3d4 Bf8b4
12.c3 Bb4d6
13.Nd4f5 O-O
14.Nf5xd6 Qe5xd6
15.O-O Nf6e4
16.Qd3e2 Ra8e8
17.Rf1e1 Re8e6
18.Qe2d3 Re6f6
19.Re1e2 Rf8e8
20.b3 Ne4c5
21.Qd3d2 Nc5e4
22.Qd2d3 Re8e5
23.Bc1b2 Re5f5
24.c4 Ne4xf2
25.Re2xf2 Rf5xf2
26.Bb2xf6 Rf2xf6
27.Ra1f1 Rf6xf1
28.Kxf1 g6
29.cxd5 Qd6xd5
30.Qd3xd5 cxd5
31.Ke2 Kf8
32.Kd3 Ke7
33.e4 Ke6
34.Kd4 dxe4
35.Kxe4 f5
36.Kd4 b6
37.b4 g5
38.a4 h5
39.g3 g4
40.hxg4 hxg4
41.Ke3 Ke5
42.b5 f4
43.gxf4 Kf5
{ resign }
0-1

[Event "Tourn. n8543"]
[Site "www.chess-mail.com"]
[Date "2016.01.11"]
[Round "1"]
[White "Comrade"]
[Black "Mitja"]
[WhiteElo "2080"]
[BlackElo "1910"]
[Result "1-0"]
[Round "1"]
1.d4 d5
2.c4 dxc4
3.Nb1c3 e6
4.e4 c6
5.Bf1xc4 Nb8d7
6.Ng1f3 Nd7b6
7.Bc4b3 h6
8.a3 Ng8f6
9.O-O Bf8e7
10.Bc1e3 Qd8c7
11.Ra1c1 O-O
12.Qd1c2 Rf8d8
13.Nc3b5 Qc7d7
14.Nf3e5 Qd7e8
15.Nb5c7 { resign }
1-0

[Event "Tourn. n8504"]
[Site "www.chess-mail.com"]
[Date "2016.01.11"]
[Round "1"]
[White "Genius7"]
[Black "Sontuozio"]
[WhiteElo "2020"]
[BlackElo "2150"]
[Result "0-1"]
[Round "1"]
1.c4 e6
2.Nb1c3 d5
3.cxd5 exd5
4.d4 c6
5.Ng1f3 Ng8f6
6.g3 Bf8b4
7.Bf1g2 Nf6e4
8.Bc1d2 Ne4xc3
9.bxc3 Bb4d6
10.O-O O-O
11.Qd1c2 Nb8d7
12.c4 Nd7f6
13.c5 Bd6c7
14.Bd2g5 h6
15.Bg5d2 Rf8e8
16.e3 Nf6e4
{ time. }
0-1

[Event "Match"]
[Site "www.echecsemail.com"]
[Date "2016.01.11"]
[Round "1"]
[White "Tonino1"]
[Black "Glenno"]
[WhiteElo "2040"]
[BlackElo "2360"]
[Result "0-1"]
[Round "1"]
1.d4 Ng8f6
2.Ng1f3 g6
3.e3 Bf8g7
4.Bf1d3 O-O
5.b3 d6
6.Bc1b2 Nb8d7
7.Nb1d2 Rf8e8
8.O-O e5
9.dxe5 dxe5
10.e4 Nf6h5
11.g3 Nd7c5
12.Bd3e2 Nh5f6
13.Nd2c4 Nf6xe4
14.Nf3xe5 Qd8xd1
15.Ra1xd1 b5
16.Nc4e3 Bg7xe5
17.Bb2xe5 Re8xe5
18.Be2f3 Bc8b7
19.Ne3g4 Re5e6
20.Rf1e1 Ra8e8
21.b4 Ne4g5
22.Ng4f6 Kf8
23.Bf3xb7 Re6xe1
24.Rd1xe1 Re8xe1
25.Kg2 Nc5xb7
{ resign }
0-1

[Event "Match"]
[Site "www.echecsemail.com"]
[Date "2016.01.11"]
[Round "1"]
[White "Glenno"]
[Black "Capitaine"]
[WhiteElo "2320"]
[BlackElo "2370"]
[Result "1-0"]
[Round "1"]
1.e4 c5
2.Ng1f3 d6
3.d4 cxd4
4.Nf3xd4 Ng8f6
5.Nb1c3 g6
6.Bc1e3 Bf8g7
7.f3 O-O
8.Qd1d2 Nb8c6
9.Bf1c4 Bc8d7
10.O-O-O Ra8c8
11.Be3g5 Nc6xd4
12.Qd2xd4 Nf6g4
13.Qd4xa7 Rc8xc4
14.fxg4 b5
15.Rd1xd6 Rc4c7
16.Qa7a5 f6
17.Bg5e3 Rc7xc3
18.Qa5xd8 Rf8xd8
19.Rd6xd7 Rc3xc2
20.Kxc2 Rd8xd7
21.Rh1d1 Rd7c7
22.Kd3 e5
23.Rd1c1 Rc7d7
24.Ke2 Rd7b7
25.Rc1c8 Kf7
26.Rc8c3 Bg7f8
27.Rc3b3 Ke6
28.a4 b4
29.a5 Rb7b8
30.a6 Rb8a8
31.a7 Kd7
32.Rb3d3 Kc6
33.Rd3d5 Bf8d6
34.Rd5a5 Bd6e7
35.g5 fxg5
36.Ra5xe5 Kd6
37.Re5b5 Kc7
38.h4 h6
39.hxg5 hxg5
40.Be3d4 Be7d6
41.e5 Bd6e7
42.e6 Be7d6
43.Rb5b8 Ra8xb8
44.axb8Q Kxb8
45.Bd4e5 { resign }
1-0

[Event "Match"]
[Site "www.echecsemail.com"]
[Date "2016.01.11"]
[Round "1"]
[White "Mitja"]
[Black "Bojan"]
[WhiteElo "1890"]
[BlackElo "2060"]
[Result "0-1"]
[Round "1"]
1.d4 d5
2.e3 Bc8f5
3.c3 a6
4.h3 Ng8f6
5.Ng1e2 Nb8d7
6.Ne2g3 Bf5g6
7.Bf1d3 e5
8.dxe5 Nd7xe5
9.Bd3xg6 hxg6
10.Qd1e2 Bf8d6
11.Nb1d2 Qd8d7
12.Nd2f3 O-O-O
13.Nf3xe5 Bd6xe5
14.Qe2d3 Rd8e8
15.Bc1d2 Be5xg3
16.fxg3 Nf6e4
17.g4 c6
18.O-O-O Ne4f2
19.Qd3e2 Nf2xh1
20.Rd1xh1 Re8e4
21.Rh1e1 Qd7e6
22.a3 c5
23.Kc2 Rh8d8
24.Qe2f2 d4
25.exd4 cxd4
26.cxd4 Rd8xd4
27.Re1xe4 Qe6c4
{ resign }
0-1

[Event "Match"]
[Site "www.echecsemail.com"]
[Date "2016.01.11"]
[Round "1"]
[White "Cardiff"]
[Black "Castletyme"]
[WhiteElo "1780"]
[BlackElo "1890"]
[Result "1-0"]
[Round "1"]
1.e4 e6
2.d4 d5
3.exd5 exd5
4.Bf1d3 Ng8f6
5.Ng1f3 Nb8c6
6.c3 Bf8e7
7.O-O O-O
8.Nf3e5 Nc6xe5
9.dxe5 Nf6g4
10.Bc1f4 f6
11.exf6 Ng4xf6
12.Bf4g5 c6
13.Nb1d2 Bc8g4
14.f3 Bg4h5
15.Qd1c2 g6
16.Ra1e1 Be7c5
17.Kh1 Qd8d6
18.Bg5xf6 Qd6xf6
19.Nd2b3 Bc5b6
20.c4 dxc4
21.Bd3xc4 Kh8
22.Re1e6 Qf6g7
23.g4 Bh5xg4
24.Qc2g2 Bg4xe6
25.Bc4xe6 Ra8e8
26.Be6c4 Rf8f5
27.Qg2d2 Bb6e3
28.Qd2c2 b5
29.Bc4d3 Rf5f6
30.Bd3e4 Be3f4
31.Rf1d1 Re8c8
32.Nb3c5 Rf6d6
33.Rd1xd6 Bf4xd6
34.Nc5e6 Qg7e7
35.Qc2c3 Kg8
36.Ne6d4 Bd6e5
37.Qc3b3  { time }
1-0

[Event "Match"]
[Site "www.echecsemail.com"]
[Date "2016.01.11"]
[Round "1"]
[White "Kacuk"]
[Black "Pellix84"]
[WhiteElo "1860"]
[BlackElo "2020"]
[Result "0-1"]
[Round "1"]
1.Ng1f3 d5
2.d4 Ng8f6
3.Bc1f4 e6
4.e3 Nb8d7
5.c4 c5
6.Nb1c3 a6
7.cxd5 exd5
8.Bf1e2 b5
9.O-O Bc8b7
10.a4 b4
11.Nc3a2 Bf8e7
12.Nf3e5 O-O
13.Na2c1 c4
14.b3 Nd7xe5
15.dxe5 cxb3
16.Qd1xb3 Nf6e4
17.Rf1d1 Ra8c8
18.Nc1d3 Ne4c3
19.Rd1d2 a5
20.Be2g4 f5
21.Bg4f3 Nc3e4
22.Bf3xe4 fxe4
23.Nd3b2 Rc8c3
24.Qb3d1 Qd8d7
25.Ra1c1 Rf8c8
26.Rd2c2 h6
27.Rc2xc3 bxc3
28.Nb2c4 Rc8xc4
{ resign }
0-1

[Event "Match"]
[Site "www.echecsemail.com"]
[Date "2016.01.11"]
[Round "1"]
[White "Wagner"]
[Black "Tonino1"]
[WhiteElo "1710"]
[BlackElo "2040"]
[Result "1/2-1/2"]
[Round "1"]
1.d4 Ng8f6
2.f3 d5
3.g4 e6
4.c3 Bf8d6
5.e3 O-O
6.Ng1h3 c5
7.Qd1d3 c4
8.Qd3c2 Nb8c6
9.e4 dxe4
10.fxe4 Nf6xg4
11.e5 Qd8h4
12.Kd1 Bd6e7
13.Rh1g1 h5
14.Qc2e2 Rf8d8
15.Bc1e3 Nc6xe5
16.Kc2 Ne5d3
17.Nb1d2 b5
18.Bf1g2 Ng4xe3
19.Qe2xe3 Ra8b8
20.Nd2f3 Qh4f6
21.Nh3g5 Qf6h6
22.h4 f6
23.Bg2f1 fxg5
24.hxg5 Qh6g6
25.Bf1xd3 Qg6xd3
26.Qe3xd3 cxd3
27.Kxd3 g6
28.Nf3e5 Kg7
29.Ra1f1 Rd8f8
30.Ne5c6 Rf8xf1
31.Rg1xf1 Rb8b7
32.Nc6e5 Be7d6
33.Ne5c6 Rb7f7
34.Rf1xf7 Kxf7
{ draw }
1/2-1/2

[Event "Fast Game"]
[Site "www.echecsemail.com"]
[Date "2016.01.11"]
[Round "1"]
[White "Libiesse"]
[Black "Attatroll"]
[WhiteElo "1629"]
[BlackElo "1740"]
[Result "0-1"]
[Round "1"]
1.d4 e5
2.dxe5 Nb8c6
3.g3 Nc6xe5
4.Bf1g2 c6
5.Ng1f3 Ne5xf3
6.Bg2xf3 d5
7.O-O Ng8f6
8.Rf1e1 Bf8d6
9.e4 O-O
10.e5 Bd6b4
11.c3 Bb4xc3
12.Nb1xc3 Nf6d7
13.Bc1f4 Nd7b6
14.b3 Bc8f5
15.Qd1d4 Rf8e8
16.Re1e2 h5
17.Bf3xh5 g6
18.Bh5f3 Bf5e6
19.Bf4h6 Qd8e7
20.Qd4f4 Kh7
21.Bh6g5 Qe7f8
22.Bg5f6 Qf8h6
23.Bf6g5 Qh6g7
24.Qf4h4 Kg8
25.Bg5f6 Qg7h7
26.Ra1e1 Nb6d7
27.b4 Nd7xf6
28.Qh4xf6 Qh7g7
29.Qf6h4 Kf8
30.Nc3a4 b6
31.Bf3g2 Re8e7
32.f4 Ke8
33.g4 Kd7
34.f5 gxf5
35.gxf5 Be6xf5
36.Kh1 Ra8h8
37.Qh4f6 Qg7g3
38.Qf6d6 Ke8
39.Qd6b8 Kd7
40.Qb8xa7 Ke6
41.Bg2xd5 Kxd5
42.Re1d1 Bf5d3
43.Qa7xe7 Qg3f3
{ resign }
0-1

[Event "Fast Game"]
[Site "www.echecsemail.com"]
[Date "2016.01.11"]
[Round "1"]
[White "Towerbridge"]
[Black "Gatrooper"]
[WhiteElo "1489"]
[BlackElo "1370"]
[Result "0-1"]
[Round "1"]
1.d4 d5
2.c4 dxc4
3.Ng1f3 h6
4.e3 Bc8e6
5.Nb1c3 Ng8f6
6.e4 Be6g4
7.Bf1xc4 Bg4xf3
8.gxf3 e6
9.Bc1e3 a6
10.Qd1d2 Bf8b4
11.O-O-O Bb4xc3
12.Qd2xc3 { time. }
0-1

[Event "Tourn. n8547"]
[Site "www.chess-mail.com"]
[Date "2016.01.12"]
[Round "1"]
[White "Neo"]
[Black "Tonino1"]
[WhiteElo "1830"]
[BlackElo "2040"]
[Result "1/2-1/2"]
[Round "1"]
1.d4 Ng8f6
2.e3 g6
3.g3 Bf8g7
4.Bf1g2 d5
5.Ng1f3 O-O
6.Nf3e5 c6
7.O-O Nb8d7
8.Ne5xd7 Bc8xd7
9.Bc1d2 Qd8c7
10.c3 Nf6e4
11.b3 Ne4xd2
12.Nb1xd2 e5
13.dxe5 Bg7xe5
14.Ra1c1 Ra8d8
15.c4 Bd7e6
16.Qd1e2 dxc4
17.Nd2xc4 Be6xc4
18.Qe2xc4 Rd8d6
19.Rf1d1 Rf8d8
20.Bg2f3 Rd6xd1
21.Rc1xd1 Rd8xd1
22.Bf3xd1 Qc7d6
23.Bd1c2 Qd6d5
24.Qc4b4 c5
25.Qb4b5 Kf8
26.b4 Qd5c6
27.Qb5xc6 bxc6
28.bxc5 Be5b2
29.Bc2a4 Bb2a3
30.Ba4xc6 Ba3xc5
31.Bc6b5 Ke7
32.a4 a5
33.h4 h6
34.Kf1 f6
35.Ke2 g5
36.f4 Bc5d6
37.Kf3 Bd6c7
38.hxg5 fxg5
39.fxg5 hxg5
40.g4 Kf6
41.e4 Ke5
42.Bb5c6 Bc7b6
{ draw }
1/2-1/2

[Event "Tourn. n8539"]
[Site "www.chess-mail.com"]
[Date "2016.01.12"]
[Round "1"]
[White "Amaya"]
[Black "Ffdd65"]
[WhiteElo "2060"]
[BlackElo "2210"]
[Result "0-1"]
[Round "1"]
1.d4 d5
2.e3 e6
3.Bf1d3 Bf8d6
4.f4 Nb8c6
5.c3 f5
6.Ng1f3 h6
7.O-O Bc8d7
8.Nb1d2 g5
9.Nf3e5 Ng8f6
10.Ne5g6 Rh8g8
11.Ng6e5 Qd8e7
12.b4 Qe7g7
13.Rf1f2 gxf4
14.exf4 Bd6xe5
15.fxe5 Nf6g4
16.Rf2e2 Ng4e3
17.Qd1e1 Ne3xg2
18.Qe1g3 Ng2f4
19.Re2e3 Nf4h5
20.Qg3xg7 Rg8xg7
21.Kf1 O-O-O
22.Nd2f3 Rd8g8
23.a4 Bd7e8
24.a5 Be8g6
25.Re3e2 f4
26.Bd3xg6 Rg7xg6
27.b5 Nc6e7
28.Bc1a3 Ne7f5
29.Ke1 Nf5h4
30.Re2f2 Nh4xf3
31.Rf2xf3 Rg6g1
32.Rf3f1 Rg8g2
33.Ra1b1 f3
34.Rb1b2 Nh5f4
35.Rb2xg2 Rg1xf1
36.Kxf1 fxg2
37.Kg1 h5
38.Kf2 h4
39.Ba3c1 Nf4e2
{ resign }
0-1

[Event "Tourn. n8511"]
[Site "www.chess-mail.com"]
[Date "2016.01.12"]
[Round "1"]
[White "Masteratches"]
[Black "Tartan"]
[WhiteElo "2340"]
[BlackElo "2370"]
[Result "1-0"]
[Round "1"]
1.d4 Ng8f6
2.c4 e6
3.Nb1c3 Bf8b4
4.f3 c5
5.a3 Bb4xc3
6.bxc3 d5
7.cxd5 exd5
8.e3 O-O
9.Bf1d3 b6
10.Ng1e2 Bc8a6
11.O-O Rf8e8
12.Ne2g3 Ba6xd3
13.Qd1xd3 Nb8c6
14.Bc1b2 Ra8c8
15.Ra1e1 Qd8d7
16.e4 dxe4
17.fxe4 Nc6e5
18.Qd3e2 Ne5g6
19.Rf1xf6 gxf6
20.Ng3h5 Rc8c6
21.d5 Rc6d6
22.c4 Ng6e5
23.Qe2f2 { resign }
1-0

[Event "Tourn. n8515"]
[Site "www.chess-mail.com"]
[Date "2016.01.12"]
[Round "1"]
[White "Panham"]
[Black "Orhany24"]
[WhiteElo "2190"]
[BlackElo "2010"]
[Result "1-0"]
[Round "1"]
1.e4 e5
2.Ng1f3 d5
3.exd5 Qd8xd5
4.Nb1c3 Qd5d8
5.Nf3xe5 Bf8d6
6.Ne5f3 Ng8f6
7.d4 O-O
8.Bf1e2 c5
9.O-O cxd4
10.Qd1xd4 Nb8c6
11.Qd4d1 a6
12.h3 h6
13.Bc1e3 Bc8e6
14.Qd1d2 Qd8c7
15.Ra1d1 Ra8d8
16.Qd2c1 Nc6e7
17.Nf3d4 Be6c8
18.Be2d3 Ne7g6
19.Nc3e2 Ng6e5
20.Bd3f5 Ne5c4
21.Be3xh6 Bc8xf5
22.Nd4xf5 Nf6e8
23.Bh6g5 f6
24.Bg5f4 Nc4e5
25.Qc1e3 Ne5f7
26.Nf5xd6 Ne8xd6
27.Ne2c3 Qc7c6
28.Qe3g3 Nd6f5
29.Qg3g4 Nf5h6
30.Qg4g3 Nh6f5
31.Qg3g4 Nf5h6
32.Bf4xh6 Nf7xh6
33.Qg4e4 Qc6b6
34.Nc3d5 Qb6xb2
35.Nd5e7 Kf7
36.Qe4c4 Ke8
37.Ne7g6 { resign }
1-0

[Event "Tourn. n8536"]
[Site "www.chess-mail.com"]
[Date "2016.01.12"]
[Round "1"]
[White "Julian"]
[Black "Bojan"]
[WhiteElo "1970"]
[BlackElo "2030"]
[Result "0-1"]
[Round "1"]
1.e4 e5
2.f4 Nb8c6
3.Ng1f3 exf4
4.d4 d5
5.e5 g5
6.h3 Bf8e7
7.c4 Bc8e6
8.cxd5 Qd8xd5
9.Nb1c3 Qd5a5
10.Bc1d2 Qa5b6
11.d5 h6
12.dxe6 fxe6
13.Bf1c4 Nc6a5
14.Bc4b5 c6
15.Bb5d3 O-O-O
16.Qd1e2 Rd8d7
17.O-O-O Be7b4
18.Nc3a4 Bb4xd2
19.Rd1xd2 Qb6c7
20.Rh1d1 c5
21.Bd3b5 Rd7xd2
22.Qe2xd2 Na5c6
23.Kb1 Ng8e7
24.Na4xc5 Rh8d8
25.Qd2c2 Rd8xd1
26.Qc2xd1 Ne7d5
27.Nc5xe6 Qc7d7
28.Ne6c5 Nd5c3
29.bxc3 Qd7xd1
30.Kb2 Qd1d5
{ resign }
0-1

[Event "Tourn. n8491"]
[Site "www.chess-mail.com"]
[Date "2016.01.12"]
[Round "1"]
[White "Goosebumps"]
[Black "Norlavuaram"]
[WhiteElo "2140"]
[BlackElo "2300"]
[Result "1-0"]
[Round "1"]
1.e4 e5
2.Ng1f3 Nb8c6
3.c3 Ng8f6
4.d4 d6
5.Bc1g5 Bf8e7
6.Bg5xf6 Be7xf6
7.h3 O-O
8.d5 Nc6e7
9.Bf1e2 g6
10.O-O Bf6g7
11.c4 f5
12.Nb1c3 h6
13.Qd1b3 Kh8
14.Rf1e1 f4
15.Nf3h2 g5
16.Be2g4 c6
17.Bg4xc8 Qd8xc8
18.Ra1c1 h5
19.f3 c5
20.Nc3b5 Qc8d7
21.Kf2 a6
22.Nb5a3 Ra8b8
23.Re1e2 b5
24.Na3b1 a5
25.cxb5 Rb8xb5
26.Qb3a4 Qd7b7
27.Rc1c2 Rf8b8
28.b3 Rb5b4
29.Qa4a3 a4
30.Nb1d2 axb3
31.axb3 Rb8a8
32.Qa3c1 Ra8a3
33.Qc1xa3 { resign }
1-0

[Event "Tourn. n8554"]
[Site "www.chess-mail.com"]
[Date "2016.01.12"]
[Round "1"]
[White "Leeds"]
[Black "Attatroll"]
[WhiteElo "1720"]
[BlackElo "1910"]
[Result "1-0"]
[Round "1"]
1.b3 e5
2.Bc1b2 Nb8c6
3.e3 f5
4.Bf1b5 Ng8f6
5.Ng1e2 Bf8c5
6.d4 exd4
7.exd4 Bc5b6
8.O-O O-O
9.a3 d5
10.Nb1d2 Nf6e4
11.Bb5xc6 bxc6
12.Nd2f3 g5
13.Nf3e5 Qd8e7
14.Ne5xc6 Qe7d6
15.Nc6e5 Bc8a6
16.Rf1e1 Ra8e8
17.Ne2g3 Ne4xg3
18.hxg3 c5
19.Ne5f3 g4
20.Re1xe8 Rf8xe8
21.dxc5 Bb6xc5
22.Nf3d4 Re8e4
23.Nd4xf5 Qd6e6
24.Nf5h4 Re4e2
25.Bb2d4 Bc5xd4
26.Qd1xd4 Re2xc2
27.Ra1d1 Qe6f7
28.Qd4xd5 Rc2xf2
29.Qd5g5 Kf8
30.Rd1d8 Qf7e8
31.Rd8xe8 { resign }
1-0

[Event "Tourn. n8516"]
[Site "www.chess-mail.com"]
[Date "2016.01.12"]
[Round "1"]
[White "Neo"]
[Black "Julian"]
[WhiteElo "1860"]
[BlackElo "1930"]
[Result "0-1"]
[Round "1"]
1.d4 Ng8f6
2.e3 d5
3.a3 c5
4.dxc5 Nb8c6
5.Bf1b5 Bc8d7
6.Ng1f3 e6
7.O-O Bf8xc5
8.b4 Bc5d6
9.c3 O-O
10.Nf3g5 h6
11.Ng5f3 a6
12.Bb5a4 b5
13.Ba4c2 Ra8c8
14.Bc1b2 e5
15.h3 Qd8e7
16.Nf3h4 e4
17.Bc2b3 Qe7e5
18.g3 g5
19.Nh4g2 Qe5e6
20.h4 Nc6e5
21.Nb1d2 Ne5d3
22.Ra1b1 Qe6h3
23.Ng2e1 Nf6g4
24.Nd2f3 exf3
25.Ne1xf3 Nd3xf2
26.Rf1xf2 Ng4xf2
27.Kxf2 Bd6xg3
28.Ke2 Bd7g4
29.Kd2 Qh3g2
30.Kc1 Bg4xf3
31.Qd1d3 Bf3e4
32.Qd3d1 Be4xb1
33.Kxb1 Bg3e5
34.Bb3xd5 Qg2f2
35.hxg5 Qf2xe3
36.gxh6 Qe3xh6
37.Qd1g1 Qh6g7
38.Qg1e1 Rf8d8
39.Bd5b7 Rc8xc3
40.Bb2xc3 Be5xc3
41.Qe1f1 Rd8d2
42.Kc1 Rd2a2
43.Qf1d3 Qg7g1
44.Qd3d1 Ra2a1
{ resign }
0-1